Największe państwa na literę K - Statystyki

Ogólne statystyki
  • Ten quiz został rozwiązany 56 razy
  • Średni wynik to 4 z 5
Statystyki odpowiedzi
Powierzchnia (km²) Miejsce na świecie
pod względem powierzchni
Państwo % Poprawnych
9 984 670 2 Kanada
96%
1 138 910 25 Kolumbia
83%
2 724 900 9 Kazachstan
81%
580 367 47 Kenia
72%
475 440 53 Kamerun
47%
Nie znaleziono quizów pasujących do podanych kryteriów
Rozkład punktacji
Procent ludzi z każdym wynikiem
Percentyl według liczby udzielonych odpowiedzi
Twoja historia wyników
Nie rozwiązałeś tego quizu